Petit Bac (Géographie) - Lettre W - Statistiques

Statistiques générales
  • Ce quiz a été pris 192 fois
  • Le résultat moyen est 5 sur 10
Statistiques - réponses
Thèmes Mots commencant par W % Correct
Capitale Washington / Windhoek / Wellington
96%
États des États-Unis Wyoming / Washington / Wisconsin
96%
Ville de plus de 5 millions d'habitants Washington / Wuhan
85%
Collectivité d'outre-mer Wallis-et-Futuna
78%
Commune belge Waterloo / Wavre / Wellen / Wetteren / Wingene +27
41%
Ville du Canada de plus de 100 000 habitants Winnipeg / Windsor / Whitby / Waterloo
35%
Ville anglaise de plus de 50 000 habitants West Bromwich / Weymouth / Walsall / Washington + 15
30%
Ville européenne de plus de 100 000 habitants Wrocław / Wurtzbourg / Westland / Wuppertal +4
28%
Ville des Etats-Unis de plus de 200 000 habitants (hors capitale) Worcester / Winston-Salem / Wichita
10%
Fleuve Wouri / Waitaki / Waikato
1%
Aucun quiz correspondant
Distribution des résultats
% des personnes avec chaque résultat
Percentile par nombre de réponses
Votre historique - résultats
Vous n’avez pas pris ce quiz